000 00910nam a2200265Ia 4500
005 20220317001408.0
008 161108s2006 sp a g 000 0 spa
020 _a843422819X
082 0 4 _aR 910
_bG17a
100 1 _aGassós, Dolors
245 1 0 _aAtlas básico de exploraciones y descubrimientos
_cDolors Gassós
250 _a3a. edición
300 _a96 páginas
_bilustraciones, fotografías en color
_c28 cm
500 _aIncluye índice alfabético de materias
650 1 4 _2LEMB
_aDescubrimientos geográficos
_vAtlas
650 1 4 _2LEMB
_aInventos
_vAtlas
650 1 4 _2LEMB
_aDesarrollo científico y tecnológico
_vAtlas
650 1 4 _2LEMB
_aEvolucion humana
_vAtlas
942 _2ddc
_cREF
264 _aBarcelona
_bParramón
_c2006
336 _atexto
_btxt
_2rdacontent
337 _asin mediación
_bn
_2rdamedia
338 _avolumen
_bnc
_2rdacarrier
040 _aCO-BoRNBP
_bspa
_erda
_cCO-BoRNBP
999 _c6846
_d6846